Final report. (Record no. 51341)
[ view plain ]
| 000 -LEADER | |
|---|---|
| fixed length control field | 00782cam a22002411 4500 |
| 001 - CONTROL NUMBER | |
| control field | pa 57000019 |
| 003 - CONTROL NUMBER IDENTIFIER | |
| control field | DLC |
| 005 - DATE AND TIME OF LATEST TRANSACTION | |
| control field | 20260227111854.0 |
| 008 - FIXED-LENGTH DATA ELEMENTS--GENERAL INFORMATION | |
| fixed length control field | 751009s1957 dcu i000 0 eng c |
| 010 ## - LIBRARY OF CONGRESS CONTROL NUMBER | |
| LC control number | pa 57000019 |
| 035 ## - SYSTEM CONTROL NUMBER | |
| System control number | (OCoLC)1689281 |
| 040 ## - CATALOGING SOURCE | |
| Original cataloging agency | Pan American Union. Library |
| Transcribing agency | FU |
| Modifying agency | DLC |
| 042 ## - AUTHENTICATION CODE | |
| Authentication code | premarc |
| 043 ## - GEOGRAPHIC AREA CODE | |
| Geographic area code | cl----- |
| 050 00 - LIBRARY OF CONGRESS CALL NUMBER | |
| Classification number | HD7320 |
| Item number | .I53 1956c |
| 082 ## - DEWEY DECIMAL CLASSIFICATION NUMBER | |
| Classification number | 331.833 |
| 111 2# - MAIN ENTRY--MEETING NAME | |
| Meeting name or jurisdiction name as entry element | Inter-American Technical Meeting on Housing and Planning |
| Number of part/section/meeting | (1st : |
| Date of meeting or treaty signing | 1956 : |
| Location of meeting | Bogotá) |
| 245 00 - TITLE STATEMENT | |
| Title | Final report. |
| 260 ## - PUBLICATION, DISTRIBUTION, ETC. | |
| Place of publication, distribution, etc. | Washington, |
| Name of publisher, distributor, etc. | Pan American Union, |
| Date of publication, distribution, etc. | 1957. |
| 300 ## - PHYSICAL DESCRIPTION | |
| Extent | ii, 49 p. |
| Dimensions | 28cm. |
| 500 ## - GENERAL NOTE | |
| General note | At head of title: Organization of American States. Inter-American Economic and Social Council. |
| 650 #0 - SUBJECT ADDED ENTRY--TOPICAL TERM | |
| Topical term or geographic name entry element | Housing |
| Geographic subdivision | Latin America |
| Form subdivision | Congresses. |
No items available.